00568 2200205 4500001002100000005001500021035002400036040001200060082001900072084002100091245007600112260000600188300005700194650003500251850001200286990001600298990001600314990001600330990001600346YOGYA00000000009981220140823124606 0010-101300000000708 aYOPDYOG 2[22]a915.9823 aYog 915.9823 Ban aBANDARA dan Galer Sapto Hoedoyo :bLost in Jogja [rekaman gambar hidup] a. a1 CD [25 menit] : digital.; stereo; 4 3/4 in ( 4 CD) aIndustri Pariwisata Yogyakarta aYOPDYOG a2589/B.2013 a2590/B.2013 a2591/B.2013 a2592/B.2013